MARC

LEADER 00000nam0a2200000 4500
001 130209
005 20231031133830.0
010 |a 5311024933 
020 |a RU  |b 91-28304 
035 |a (RuTPU)RU\TPU\book\141028 
090 |a 130209 
100 |a 20080201d1991 m y0rusy5003 ca 
101 0 |a rus 
102 |a UA 
105 |a a z 000zy 
200 1 |a Туризм и здоровье  |f Л. Ф. Никишин, А. А. Коструб 
210 |a Киев  |c Здоровья  |d 1991 
215 |a 224 с.  |c ил. 
610 1 |a туризм 
610 1 |a здоровье 
610 1 |a путешествия 
610 1 |a анализ заболеваний 
610 1 |a первая медицинская помощь 
610 1 |a самоконтроль 
610 1 |a физические нагрузки 
610 1 |a предпоходные тренировки 
610 1 |a питание 
610 1 |a адаптация 
610 1 |a психология 
610 1 |a горная болезнь 
610 1 |a гигиена 
610 1 |a выживание 
610 1 |a экстремальные ситуации 
610 1 |a отравления 
610 1 |a походы 
675 |a 796  |z rus 
700 1 |a Никишин  |b Л. Ф.  |g Леонид Федорович  |4 070 
701 1 |a Коструб  |b А. А.  |g Александр Алексеевич  |4 070 
801 0 |a RU  |b RuMRKP  |c 19950417  |g psbo 
801 1 |a RU  |b 63413507  |c 20080201  |g PSBO 
801 2 |a RU  |b 63413507  |c 20080201  |g PSBO 
942 |c BK